Catálogo público

Hongos micorrícicos y diversidad de herbacéas en dos condiciones de manejo en La Sierra de Huautla, Morelos / (Record no. 220095)

MARC details
000 -CABECERA
campo de control de longitud fija 03833nam a2200349 a 4500
003 - IDENTIFICADOR DEL NÚMERO DE CONTROL
campo de control OSt
005 - FECHA Y HORA DE LA ÚLTIMA TRANSACCIÓN
campo de control 20240822144256.0
007 - CAMPO FIJO DE DESCRIPCIÓN FÍSICA--INFORMACIÓN GENERAL
campo de control de longitud fija cr a|||||a|c|a
008 - DATOS DE LONGITUD FIJA--INFORMACIÓN GENERAL
campo de control de longitud fija 240819s2024 mx a|||fom||| 001 0 spa d
040 ## - FUENTE DE LA CATALOGACIÓN
Normas de descripción rda
100 1# - ENTRADA PRINCIPAL--NOMBRE DE PERSONA
Nombre de persona Gaspar Andrés, María Inés
9 (RLIN) 189453
245 10 - MENCIÓN DE TÍTULO
Título Hongos micorrícicos y diversidad de herbacéas en dos condiciones de manejo en La Sierra de Huautla, Morelos /
Mención de responsabilidad, etc. por María Inés Gaspar Andrés y Dulce Deli Izoteco Morales; director de tesis Langen Corlay Chee; secretario Alejandro Hernández Tapia; vocal Yolanda Franco Islas; suplente Andrés Gelacio Miranda Moreno; suplente Javier Santillán Pérez.
264 #1 - PRODUCCIÓN, PUBLICACIÓN, DISTRIBUCIÓN, FABRICACIÓN Y COPYRIGHT
Producción, publicación, distribución, fabricación y copyright Chapingo, México :
Nombre del de productor, editor, distribuidor, fabricante El autor,
Fecha de producción, publicación, distribución, fabricación o copyright [2024]
300 ## - DESCRIPCIÓN FÍSICA
Extensión 1 recurso en línea (47 páginas):
Otras características físicas tablas, figuras.
336 ## - TIPO DE CONTENIDO
Fuente rdacontent
Término de tipo de contenido texto
Código de tipo de contenido txt
337 ## - TIPO DE MEDIO
Fuente rdamedia
Nombre/término del tipo de medio computadora
Código del tipo de medio c
338 ## - TIPO DE SOPORTE
Fuente rdacarrier
Nombre/término del tipo de soporte recurso en línea
Código del tipo de soporte cr
502 ## - NOTA DE TESIS
Tipo de título Ingeniería en Restauración Forestal
Nombre de la institución que otorga el título División de Ciencias Forestales,
Año de obtención del título [2024]
Información miscelánea Licenciatura
504 ## - NOTA DE BIBLIOGRAFÍA, ETC.
Nota de bibliografía, etc. Incluye referencias bibliográficas: páginas 36-40.
520 ## - SUMARIO, ETC.
Sumario, etc. La asociación entre hongos formadores de micorrizas y la vegetación es crucial desde hace millones de años. A pesar de su importancia, la información acerca de cómo influyen en la diversidad vegetal es escasa. Por lo tanto, el estudio se enfoca en la investigación de la influencia de las micorrizas en la diversidad de herbáceas y la fertilidad del suelo en un sistema agroforestal y un área en sucesión ecológica secundaria ubicados en ejidos serranos de la Sierra de Huautla, Morelos. Se emplearon métodos de muestreo aleatorio estratificado y simple para recolectar muestras de herbáceas, suelo y raíces. Se analizó la fertilidad del suelo según la NOM-021-RECNAT-2000. Se determinó la diversidad vegetal con el índice de Shannon-Wiener y se evaluó la colonización micorrícica. Se realizaron análisis de varianza y correlación de Pearson para comparar los ecosistemas y explorar relaciones entre variables. Además, se aplicó un análisis de componentes principales para evaluar la correlación de la colonización micorrícica con las variables del suelo. Como resultados se obtuvo que, entre el área en sucesión ecológica secundaria y el sistema agroforestal, se encontraron diferencias estadísticamente significativas en la diversidad de herbáceas, siendo mayor en el área en sucesión ecológica. Sin embargo, la colonización micorrícica no mostró diferencias significativas entre ambos sistemas. Se observó una correlación débil y nula entre la colonización micorrícica y la diversidad de plantas en ambos sistemas, así como una baja correlación entre las propiedades del suelo y la colonización micorrícica, siendo más negativa en el área en sucesión ecológica. En conclusión, debido al corto tiempo de recuperación que tienen ambos sistemas no se mostraron estadísticas significativas fuertes. No obstante, este estudio sirve como línea base para investigaciones futuras sobre la recuperación de los suelos en relación con la colonización micorrícica y la diversidad de herbáceas Palabras clave: micorrizas, diversidad, suelo, agroforestal, sucesión ecológica.
650 #4 - PUNTO DE ACCESO ADICIONAL DE MATERIA--TÉRMINO DE MATERIA
Término de materia o nombre geográfico como elemento de entrada Micorrizas
Subdivisión general Propagación
9 (RLIN) 131610
650 #4 - PUNTO DE ACCESO ADICIONAL DE MATERIA--TÉRMINO DE MATERIA
Término de materia o nombre geográfico como elemento de entrada Fertilidad del suelo
9 (RLIN) 144203
650 #4 - PUNTO DE ACCESO ADICIONAL DE MATERIA--TÉRMINO DE MATERIA
Término de materia o nombre geográfico como elemento de entrada Ecología forestal
9 (RLIN) 35176
700 1# - PUNTO DE ACCESO ADICIONAL--NOMBRE DE PERSONA
Nombre de persona Izoteco Morales, Dulce Deli
9 (RLIN) 189454
700 1# - PUNTO DE ACCESO ADICIONAL--NOMBRE DE PERSONA
Nombre de persona Corlay Chee, Langen
9 (RLIN) 28007
Término indicativo de función/relación Director de tesis.
700 1# - PUNTO DE ACCESO ADICIONAL--NOMBRE DE PERSONA
Nombre de persona Hernández Tapia, Alejandro
9 (RLIN) 54656
Término indicativo de función/relación Secretario.
700 1# - PUNTO DE ACCESO ADICIONAL--NOMBRE DE PERSONA
Nombre de persona Franco Islas, Yolanda
9 (RLIN) 42965
Término indicativo de función/relación Vocal.
700 1# - PUNTO DE ACCESO ADICIONAL--NOMBRE DE PERSONA
Nombre de persona Miranda Moreno, Andrés Gelacio
9 (RLIN) 76095
Término indicativo de función/relación Suplente.
700 1# - PUNTO DE ACCESO ADICIONAL--NOMBRE DE PERSONA
Nombre de persona Santillán Pérez, Javier
9 (RLIN) 102430
Término indicativo de función/relación Suplente.
856 ## - LOCALIZACIÓN Y ACCESO ELECTRÓNICOS
Identificador Uniforme del Recurso http://10.13.5.2/tesis/tl/1410884-2_Y_1611179-4_GASPAR_ANDRES_MARIAINES_Y_IZOTECO_MORALES_DULCEDELI.pdf
Nota pública DESCARGAR PDF
942 ## - ELEMENTOS DE PUNTO DE ACCESO ADICIONAL (KOHA)
Fuente del sistema de clasificación o colocación Clasificación Universidad Autónoma Chapingo
Tipo de ítem Koha Tesis digital
Holdings
Estado de retiro Estado de pérdida Fuente del sistema de clasificación o colocación Estado dañado Restricciones de uso No para préstamo Código de colección Localización permanente Ubicación/localización actual Ubicación en estantería Fecha de adquisición Total de préstamos Signatura topográfica completa Fecha visto por última vez Precio válido a partir de Tipo de ítem Koha
    Clasificación Universidad Autónoma de Chapingo   Préstamo interno   Tesis digitales de Licenciatura Biblioteca Digital Biblioteca Digital En línea 19/08/2024   Tesis digital 19/08/2024 19/08/2024 Tesis digital